| 000 | 00433nam a2200133Ia 4500 | ||
|---|---|---|---|
| 008 | 170419s9999 xx 000 0 und d | ||
| 100 | _aWinokur, Elizabeth J. | ||
| 245 | _aMagnet facility nurses: pursuing a baccalaureate degree in nursing | ||
| 245 | _cElizabeth J. Winokur, Dana N. Rutledge, and Amy Hayes | ||
| 260 | _bElsevier | ||
| 260 | _c2016 | ||
| 300 | _aJuly/August 2016 | ||
| 440 |
_aJournal of Profesional Nursing _v32:4 |
||
| 999 |
_c329530 _d329530 |
||